书目信息 |
| 题名: |
印象派的敌人
|
|
| 作者: | 马萧 著 | |
| 分册: | ||
| 出版信息: | 北京 清华大学出版社 2019.3 |
|
| 页数: | xv, 419页, [1] 页图版 | |
| 开本: | 23cm | |
| 丛书名: | ||
| 单 册: | ||
| 中图分类: | J209.9 | |
| 科图分类: | ||
| 主题词: | 印象画派--研究--法国 | |
| 电子资源: | ||
| ISBN: | 978-7-302-46523-2 | |
| 000 | 01277nam0 2200289 45 | |
| 001 | 012001001172 | |
| 005 | 20130910162549.0 | |
| 010 | @a978-7-302-46523-2@dCNY99.00 | |
| 099 | @aCAL 012017115197 | |
| 100 | @a20170703d2017 em y0chiy0110 ea | |
| 101 | 0 | @achi |
| 102 | @aCN@b110000 | |
| 105 | @aacfka 000yy | |
| 106 | @ar | |
| 200 | 1 | @a印象派的敌人@Ayin xiang pai de di ren@d= Authority over impressionists@f马萧著@zeng |
| 210 | @a北京@c清华大学出版社@d2019.3 | |
| 215 | @axv, 419页, [1] 页图版@c图 (部分彩图), 肖像@d23cm | |
| 300 | @a并列题名:Authority over impressionists | |
| 320 | @a有书目 (第391-402页) | |
| 330 | @a本书瞩目于十九世纪下半叶的法国学院艺术, 主要使用图像学、阐释学以及文献法, 通过对当时法国学院的代表人物和重要作品的解读和梳理, 简介学院作为一个艺术机构的基本情况, 同时探讨其在社会转型期承担的重要职能。具体到艺术史的层面, 本文对学院中风格技法观念的演变、学院艺术家之间的关系、他们与独立艺术家共同构成的艺术生态进行了广泛的讨论, 以期再现一种相互影响、相互渗透的历史语境。 | |
| 333 | @a本书可供印象画派相关研究人员阅读参考 | |
| 510 | 1 | @aAuthority over impressionists@zeng |
| 606 | 0 | @a印象画派@x研究@y法国 |
| 690 | @aJ209.9@v5 | |
| 701 | 0 | @a马萧@Ama xiao@4著 |
| 801 | @aCN@b江苏凤凰@c20211018 | |
| 905 | @b1342467-70@dJ209.9@e1305@f4 | |
| 印象派的敌人= Authority over impressionists/马萧著.-北京:清华大学出版社,2019.3 |
| xv, 419页, [1] 页图版:图 (部分彩图), 肖像;23cm |
| 并列题名:Authority over impressionists.-使用对象:本书可供印象画派相关研究人员阅读参考 |
| ISBN 978-7-302-46523-2:CNY99.00 |
| 本书瞩目于十九世纪下半叶的法国学院艺术, 主要使用图像学、阐释学以及文献法, 通过对当时法国学院的代表人物和重要作品的解读和梳理, 简介学院作为一个艺术机构的基本情况, 同时探讨其在社会转型期承担的重要职能。具体到艺术史的层面, 本文对学院中风格技法观念的演变、学院艺术家之间的关系、他们与独立艺术家共同构成的艺术生态进行了广泛的讨论, 以期再现一种相互影响、相互渗透的历史语境。 |
| ● |
| 相关链接 |
|
|
|
|
正题名:印象派的敌人
索取号:J209.9/1305
 
预约/预借
| 序号 | 登录号 | 条形码 | 馆藏地/架位号 | 状态 | 备注 |
| 1 | 1342467 | 213424677 | 第一样本阅览室/ [索取号:J209.9/1305] | 在馆 | |
| 2 | 1342468 | 213424686 | 第一借阅区/ [索取号:J209.9/1305] | 在馆 | |
| 3 | 1342469 | 213424695 | 第一借阅区/ [索取号:J209.9/1305] | 在馆 | |
| 4 | 1342470 | 213424702 | 第一借阅区/ [索取号:J209.9/1305] | 在馆 |